ARRUPE JESUIT UNIVERSITY

CORONAVIRUS -STOP THE SPREAD - CLEAN,DISINFECT,COVER

Moral dilemmas of feminism (Record no. 18746)

MARC details
000 -LEADER
fixed length control field 00562nam a2200217Ia 4500
003 - CONTROL NUMBER IDENTIFIER
control field 0100
005 - DATE AND TIME OF LATEST TRANSACTION
control field 20190731114354.0
008 - FIXED-LENGTH DATA ELEMENTS--GENERAL INFORMATION
fixed length control field 130303s9999 xx 000 0 und d
040 ## - CATALOGING SOURCE
Transcribing agency ARRUPELIB
050 ## - LIBRARY OF CONGRESS CALL NUMBER
Classification number HQ1190.S451994
100 ## - MAIN ENTRY--PERSONAL NAME
Personal name Laurie Shrage
9 (RLIN) 47679
245 ## - TITLE STATEMENT
Title Moral dilemmas of feminism
245 ## - TITLE STATEMENT
Remainder of title Prostitution, Adultery and Abortion
260 ## - PUBLICATION, DISTRIBUTION, ETC. (IMPRINT)
Place of publication, distribution, etc London
Name of publisher, distributor, etc Routledge
Date of publication, distribution, etc 1994
300 ## - PHYSICAL DESCRIPTION
Extent 219p.23cm
440 ## - SERIES STATEMENT/ADDED ENTRY--TITLE
Title Thinking Gender
9 (RLIN) 47680
650 ## - SUBJECT ADDED ENTRY--TOPICAL TERM
Topical term following geographic name as entry element Maximus , Confessor, Saint , ca580-662
9 (RLIN) 47681
650 ## - SUBJECT ADDED ENTRY--TOPICAL TERM
Topical term or geographic name as entry element Sexual ethics
General subdivision Adultery
-- moral and ethical aspects
9 (RLIN) 47682
650 ## - SUBJECT ADDED ENTRY--TOPICAL TERM
Topical term or geographic name as entry element Prostitution-
General subdivision moral and ethical aspects
9 (RLIN) 47683
650 ## - SUBJECT ADDED ENTRY--TOPICAL TERM
Topical term or geographic name as entry element Abortion
General subdivision moral and ethical aspects
9 (RLIN) 17217
700 ## - ADDED ENTRY--PERSONAL NAME
Personal name Laurie Shrage
9 (RLIN) 47679
942 ## - ADDED ENTRY ELEMENTS (KOHA)
Source of classification or shelving scheme Library of Congress Classification
Koha item type Monograph ( Printed materials)
Holdings
Withdrawn status Lost status Source of classification or shelving scheme Damaged status Not for loan Collection code Home library Current library Shelving location Date acquired Total Checkouts Full call number Barcode Date last seen Date checked out Copy number Price effective from Koha item type
    Library of Congress Classification     Main Collection ARRUPE LIBRARY ARRUPE LIBRARY   04/03/2013 1 HQ1190.S451994 46003049335 19/10/2020 16/09/2020 1 04/03/2013 Monograph ( Printed materials)

 

Arrupe Library. PO Box MP320 Mt Pleasant, Harare, Zimbabwe
263 242 745411|librarian@aju.ac.zw